<?xml version="1.0" encoding="UTF-8"?>
<record
    xmlns:xsi="http://www.w3.org/2001/XMLSchema-instance"
    xsi:schemaLocation="http://www.loc.gov/MARC21/slim http://www.loc.gov/standards/marcxml/schema/MARC21slim.xsd"
    xmlns="http://www.loc.gov/MARC21/slim">

  <leader>00711nam a22002177a 4500</leader>
  <controlfield tag="005">20170124110019.0</controlfield>
  <datafield tag="010" ind1=" " ind2=" ">
    <subfield code="a">A-381860</subfield>
  </datafield>
  <datafield tag="020" ind1=" " ind2=" ">
    <subfield code="c">125.00</subfield>
  </datafield>
  <datafield tag="035" ind1=" " ind2=" ">
    <subfield code="a">A-381860</subfield>
  </datafield>
  <datafield tag="037" ind1=" " ind2=" ">
    <subfield code="b">Cen Lib/Ret</subfield>
  </datafield>
  <datafield tag="040" ind1=" " ind2=" ">
    <subfield code="a">DPL</subfield>
    <subfield code="b">EN</subfield>
  </datafield>
  <datafield tag="082" ind1=" " ind2=" ">
    <subfield code="a">336.21</subfield>
    <subfield code="b">SIN</subfield>
  </datafield>
  <datafield tag="100" ind1=" " ind2=" ">
    <subfield code="a">Singhania, Vinod K. </subfield>
    <subfield code="9">12242</subfield>
  </datafield>
  <datafield tag="245" ind1=" " ind2=" ">
    <subfield code="a">Taxmann's direct taxes :</subfield>
    <subfield code="c">by Vinod K Singhania </subfield>
    <subfield code="b">law and practice /</subfield>
  </datafield>
  <datafield tag="260" ind1=" " ind2=" ">
    <subfield code="a">Delhi</subfield>
    <subfield code="b">Taxmann Publications</subfield>
    <subfield code="c">1990</subfield>
  </datafield>
  <datafield tag="270" ind1=" " ind2=" ">
    <subfield code="b">Delhi</subfield>
    <subfield code="a">1871 Kucha Chelan, Khari Baoli</subfield>
    <subfield code="e">110006</subfield>
  </datafield>
  <datafield tag="300" ind1=" " ind2=" ">
    <subfield code="a">various pagings</subfield>
    <subfield code="c">22cm(Hb)</subfield>
  </datafield>
  <datafield tag="650" ind1=" " ind2=" ">
    <subfield code="a">Income tax -- Law and legislation -- India</subfield>
    <subfield code="9">14650</subfield>
  </datafield>
  <datafield tag="650" ind1=" " ind2=" ">
    <subfield code="a">Wealth tax -- Law and legislation -- India</subfield>
    <subfield code="9">19386</subfield>
  </datafield>
  <datafield tag="942" ind1=" " ind2=" ">
    <subfield code="2">ddc</subfield>
    <subfield code="c">EN</subfield>
    <subfield code="h">336.21</subfield>
    <subfield code="m">SIN</subfield>
  </datafield>
  <datafield tag="999" ind1=" " ind2=" ">
    <subfield code="c">127094</subfield>
    <subfield code="d">127094</subfield>
  </datafield>
  <datafield tag="952" ind1=" " ind2=" ">
    <subfield code="0">4</subfield>
    <subfield code="1">0</subfield>
    <subfield code="4">0</subfield>
    <subfield code="7">0</subfield>
    <subfield code="a">L</subfield>
    <subfield code="b">L</subfield>
    <subfield code="d">2015-06-27</subfield>
    <subfield code="e">Cen Lib/Ret</subfield>
    <subfield code="g">125.00</subfield>
    <subfield code="l">0</subfield>
    <subfield code="o">336.21 SIN</subfield>
    <subfield code="p">A-381860</subfield>
    <subfield code="r">2015-06-27 00:00:00</subfield>
    <subfield code="t">1</subfield>
    <subfield code="v">125.00</subfield>
    <subfield code="w">2015-06-27</subfield>
    <subfield code="y">EN</subfield>
    <subfield code="z">W/d list no. 6819/23</subfield>
  </datafield>
</record>
